| 000 | 00775nam a2200241Ia 4500 | ||
|---|---|---|---|
| 003 | OSt | ||
| 005 | 20220926022611.0 | ||
| 006 | a|||||r|||| 00| 0 | ||
| 007 | ta | ||
| 008 | 220923b |||||||| |||| 00| 0 eng d | ||
| 037 | _cGeneral Book | ||
| 040 |
_aRTL _cRTL _beng |
||
| 041 |
_2eng _aeng |
||
| 082 | _aT:2:V1N45.1.N5, J2/UN | ||
| 110 |
_aUNITED NATIOSN PUBLIC INFORMANTION (Deptt of--) _9328059 |
||
| 245 | 0 | _aTeaching about the United Nations and the specialized agencies in Member states | |
| 260 |
_aNew York _bUnited Nations USA _c1952 |
||
| 300 |
_a89p. _ccm. |
||
| 650 | _aEducation | ||
| 700 |
_aUNITED NATIOSN PUBLIC INFORMANTION (Deptt of--) _9328060 |
||
| 942 |
_hT:2:V1N45.1.N5, J2/UN _cGB _2CC |
||
| 999 |
_c639870 _d639870 |
||